[Event "Stay Safe Play From Home 202"]
[Site "T#646585Emanuel Laske"]
[Date "2020.06.05"]
[Round "5"]
[White "Edmatuag"]
[Black "Haris kollari 13"]
[Result "1-0"]
[WhiteElo "1592"]
[BlackElo "1638"]
[Annotator "NA RC"]
[PlyCount "73"]
[EventDate "2020.06.05"]
[EventType "swiss (blitz)"]

1. Nf3 {[%emt 0:00:02]} e6 {[%emt 0:00:00]} 2. g3 {[%emt 0:00:01]} d5 {[%emt 0:00:00]} 3. Bg2 {[%emt 0:00:00]} c5 {[%emt 0:00:00]} 4. d4 {[%emt 0:00:01]} Nc6 {[%emt 0:00:00]} 5. c3 {[%emt 0:00:03]} f5 {[%emt 0:00:01]} 6. Bf4 {[%emt 0:00:01]} Nf6 {[%emt 0:00:01]} 7. Nbd2 {[%emt 0:00:02]} h6 {[%emt 0:00:01]} 8. Be5 {[%emt 0:00:01]} Bd6 {[%emt 0:00:03]} 9. Bxf6 {[%emt 0:00:01]} Qxf6 {[%emt 0:00:02]} 10. O-O {[%emt 0:00:00]} c4 {[%emt 0:00:01]} 11. Re1 {[%emt 0:00:02]} O-O {[%emt 0:00:01]} 12. Nf1 {[%emt 0:00:00]} g5 {[%emt 0:00:01]} 13. h4 {[%emt 0:00:02]} f4 {[%emt 0:00:02]} 14. hxg5 {[%emt 0:00:02]} hxg5 {[%emt 0:00:01]} 15. Bh3 {[%emt 0:00:04]} e5 {[%emt 0:00:04]} 16. Bxc8 {[%emt 0:00:01]} Raxc8 {[%emt 0:00:03]} 17. dxe5 {[%emt 0:00:00]} Bxe5 {[%emt 0:00:03]} 18. Qxd5+ {[%emt 0:00:01]} Kh8 {[%emt 0:00:02]} 19. Kg2 {[%emt 0:00:03]} Rcd8 {[%emt 0:00:04]} 20. Qe4 {[%emt 0:00:02]} g4 {[%emt 0:00:02]} 21. Nxe5 {[%emt 0:00:04]} Nxe5 {[%emt 0:00:02]} 22. gxf4 {[%emt 0:00:02]} Qxf4 {[%emt 0:00:03]} 23. Qxf4 {[%emt 0:00:01]} Rxf4 {[%emt 0:00:01]} 24. Ng3 {[%emt 0:00:00]} Rd2 {[%emt 0:00:02]} 25. Rad1 {[%emt 0:00:03]} Rxb2 {[%emt 0:00:01]} 26. Rd8+ {[%emt 0:00:02]} Kg7 {[%emt 0:00:01]} 27. Rh1 {[%emt 0:00:03]} Rc2 {[%emt 0:00:09]} 28. Nh5+ {[%emt 0:00:02]} Kf7 {[%emt 0:00:01]} 29. Nxf4 {[%emt 0:00:00]} g3 {[%emt 0:00:01]} 30. Kxg3 {[%emt 0:00:01]} Rxc3+ {[%emt 0:00:02]} 31. f3 {[%emt 0:00:03]} Kf6 {[%emt 0:00:01]} 32. Rb8 {[%emt 0:00:00]} Ke7 {[%emt 0:00:01]} 33. Rh6 {[%emt 0:00:01]} Kd7 {[%emt 0:00:02]} 34. Rxb7+ {[%emt 0:00:01]} Kc8 {[%emt 0:00:00]} 35. Rxa7 {[%emt 0:00:00]} Kb8 {[%emt 0:00:00]} 36. Rg7 {[%emt 0:00:02]} Nc6 {[%emt 0:00:01]} 37. Rh8+ {[%emt 0:00:01] Time '} 1-0

[Event "Stay Safe Play From Home 202"]
[Site "T#646585Emanuel Laske"]
[Date "2020.06.05"]
[Round "6"]
[White "XShot"]
[Black "Mepe_Nika"]
[Result "1-0"]
[WhiteElo "2502"]
[BlackElo "2325"]
[Annotator "TA"]
[PlyCount "113"]
[EventDate "2020.06.05"]
[EventType "swiss (blitz)"]

{[%evp 9,113,45,38,16,22,-32,56,10,95,88,91,58,49,33,95,42,94,69,163,46,24,4,13,-14,6,0,57,39,34,-23,0,-41,-47,-52,0,-6,0,-31,-25,-30,-15,-29,-24,-74,101,95,96,110,403,0,0,0,0,-29,-29,-69,44,4,230,230,230,230,230,227,308,300,308,293,289,287,274,206,295,282,527,513,487,453,453,429,429,420,848,799,1484,1273,1263,1120,29987,29988,29996,29997,29997,29986,29991,29984,29984,0,29991,29989,29989,29986,29989,29987,29988,29986]} 1. d4 c5 2. Nf3 cxd4 3. Qxd4 Nc6 4. Qh4 {[#]} e5 $146 ({Predecessor:} 4... d5 5. Nc3 Nf6 6. Bg5 e5 7. O-O-O Be6 8. Bxf6 gxf6 9. Nxd5 Bxd5 10. e4 Qa5 11. exd5 Qxa2 12. dxc6 {0-1 (25) Schaefer,J (2157)-Schlick,V (2233) Nickenich 2012}) 5. Qxd8+ Kxd8 6. Nc3 {A43: Schmid Benoni.} Nf6 7. Bg5 (7. a3 $11) 7... Be7 ({Black should try} 7... Bb4 $15) 8. O-O-O {White is slightly better.} h6 (8... Ng4 $11 {remains equal.} 9. Rg1 Nxf2 10. Bxe7+ Kxe7) 9. Bxf6 $1 $16 Bxf6 10. Nd5 Be7 11. e4 f6 (11... a6 $14) 12. Bc4 (12. Nh4 $16) 12... a6 (12... Rb8 $14) 13. Nh4 Re8 (13... b5 $14) 14. Ng6 (14. Nf5 $18) 14... Bc5 $14 15. Rhf1 b5 16. Bb3 Bb7 (16... a5 $5 {[%cal Ra5a4]} 17. Ne3 Bxe3+ 18. fxe3 Kc7 $11) 17. c3 Na5 (17... a5 $11) 18. Bc2 {aiming for b4.} Nc4 19. b3 (19. Nh4 $14) 19... Nb6 (19... Nd6 {looks sharper.} 20. f4 exf4 21. Rfe1 Ba3+ 22. Kb1 Bxd5 23. Rxd5 Rc8) 20. Kb2 (20. Nxb6 {is interesting.} Bxb6 21. Nh4 Bc6 22. Nf5 a5 23. Nd6) 20... Nxd5 21. exd5 d6 22. Nh4 Bc8 (22... a5 {with more complications.} 23. Nf5 Rg8 24. f4 Kc7 25. fxe5 fxe5 26. Rf3 Raf8) 23. Bf5 a5 24. Bxc8 Kxc8 25. Nf5 Ra7 26. a3 {[%cal Ba2a3,Ba3b4][%mdl 32] [#]} h5 $2 (26... g6 $1 $17 {[%cal Rg6f5] and life is bright.} 27. Nh4 (27. Nxh6 Rh8 $17) 27... Rg7) 27. b4 $16 axb4 28. axb4 ({Much weaker is} 28. cxb4 $6 g6 $11) 28... Bb6 $2 {[%mdl 8192]} (28... g6 $16) 29. f3 $2 (29. Nxd6+ $18 Kd7 30. Nxe8 Kxe8 31. f4) 29... Rd7 $11 30. Ra1 {Strongly threatening Ra8+.} Kb7 31. Ra2 g6 32. Ng3 h4 (32... f5 $1 $15) 33. Ne4 $36 {[%mdl 2048] White is pushing.} f5 $2 {White now steadily converts the win.} (33... Rf8 $1 $11 {and Black is okay.}) 34. Nf6 $1 $18 {[%csl LRd7,LRe8][%mdl 64] [#] Double Attack} Rdd8 {Hoping for ...Re7.} 35. Nxe8 Rxe8 {[%mdl 4096] Endgame KRR-KRB} 36. Kb3 g5 37. Re2 Ra8 38. h3 Rc8 39. Rc1 Rc4 40. Ra1 Rf4 (40... Rc7 {was necessary.} 41. Raa2 Rc4) 41. Rea2 Rc4 $2 (41... e4 42. fxe4 Rxe4) 42. Ra8 e4 43. Re8 exf3 44. Re7+ Bc7 45. gxf3 Rf4 (45... g4 $142 46. fxg4 fxg4 47. hxg4 Rxg4) 46. Rg1 g4 47. fxg4 fxg4 48. Rxg4 Rf3 49. Rgg7 Rxh3 50. Rxc7+ Kb8 51. Rc6 Re3 52. Rg8+ Kb7 53. Rg7+ Kb8 54. Rh7 {White mates.} Re8 55. Rh6 Rc8 56. Rhxd6 Rc7 57. Rb6+ {Accuracy: White = 59%, Black = 36%.} 1-0

[Event "Stay Safe Play From Home 202"]
[Site "T#646585Emanuel Laske"]
[Date "2020.06.05"]
[Round "6"]
[White "Rogan"]
[Black "SecantFX"]
[Result "1-0"]
[WhiteElo "2198"]
[BlackElo "1848"]
[Annotator "TA"]
[PlyCount "107"]
[EventDate "2020.06.05"]
[EventType "swiss (blitz)"]

{[%evp 9,106,21,76,64,106,87,172,131,680,684,676,675,769,791,1009,988,1358,1278,1518,1512,1522,1497,1456,1458,1440,1420,1377,1355,1346,1306,2211,1729,1702,962,947,957,952,934,927,921,1090,1050,1029,1022,960,958,932,939,1591,1562,4890,2605,5987,5814,29970,6057,29973,29973,29970,29968,29970,29956,29965,6375,29982,29983,29983,29984,29984,29985,29988,29985,29988,29989,29989,29987,29987,29988,29988,29989,29989,29990,29992,29993,29994,29994,29994,29995,29995,29996,29996,29997,29997,29997,29997,29998,29998,29999,29999]} 1. d4 b6 2. c3 Bb7 3. Nf3 c5 4. Bg5 {[#]} cxd4 $146 ({Predecessor:} 4... h6 5. Bh4 cxd4 6. cxd4 d6 7. Nc3 Nd7 8. e4 Rc8 9. e5 dxe5 10. dxe5 g5 {1-0 (45) Giessmann,S (2209)-Berchtenbreiter,M (2330) Bayern 2016}) 5. cxd4 Bxf3 (5... h6 $11 6. Bf4 e6) 6. exf3 {A40: Unusual replies to 1 d4.} f6 7. Bf4 Nc6 (7... e6 $16 {was worth a try.}) 8. Nc3 {White is clearly better.} d6 $2 {[%mdl 8192]} (8... e5 $16) 9. Bb5 $18 Rc8 10. d5 {[%mdl 64] [#] Pin} a6 11. Bxc6+ Rxc6 12. dxc6 Qc7 13. Rc1 e5 14. Nd5 Qc8 15. Nxb6 Qc7 16. Nd5 Qc8 17. c7 Ne7 18. Qa4+ Kf7 19. Nb6 Qb7 20. c8=Q Nxc8 21. Qc4+ d5 22. Qc7+ Qxc7 23. Rxc7+ Ne7 24. Bd2 g6 25. Nxd5 Ke6 26. Nxe7 Bxe7 27. O-O Rd8 28. Be3 f5 {[#]} 29. Rxe7+ $1 {[%mdl 64] Remove Defender} Kxe7 {[%mdl 4096] Endgame KRB-KR} 30. Bg5+ {[%mdl 64] Skewer} Ke8 31. Bxd8 Kxd8 {KR-KP} 32. Re1 e4 33. fxe4 f4 34. e5 Ke7 35. e6 g5 36. Re5 h5 37. Ra5 {White mates.} Kxe6 38. Rxa6+ {KR-K3P} Kf5 39. Ra5+ Kg6 40. f3 g4 41. fxg4 hxg4 {KR-KPP} 42. Kf2 Kf6 43. h4 gxh3 44. gxh3 {KR-KP} Kg6 45. Kf3 Kh6 46. Kxf4 {KR-K} Kg7 47. Rf5 Kh6 48. Rg5 Kh7 49. Kf5 Kh6 50. Kf6 Kh7 51. Rg6 Kh8 52. Kf7 {[%cal Rg6h6]} Kh7 53. Rf6 Kh8 54. Rh6# {White took control after the opening.} 1-0

[Event "Stay Safe Play From Home 202"]
[Site "T#646585Emanuel Laske"]
[Date "2020.06.05"]
[Round "6"]
[White "SoulofWolf"]
[Black "Leauacristi"]
[Result "1-0"]
[WhiteElo "2131"]
[BlackElo "1778"]
[Annotator "TA"]
[PlyCount "87"]
[EventDate "2020.06.05"]
[EventType "swiss (blitz)"]

{[%evp 9,87,4,25,9,38,16,32,35,38,47,53,49,56,1,39,12,49,15,20,-104,-112,-173,90,101,185,190,184,171,329,338,362,352,383,378,356,341,608,611,595,540,592,583,692,659,1354,675,1479,1439,1089,1052,1731,1239,1712,1665,1587,1136,1058,958,926,780,5297,897,793,671,762,777,29977,29976,29981,29982,29983,29983,29983,29983,29984,29985,29984,8,29983,29983]} 1. c4 Nf6 2. Nc3 e6 3. Nf3 c5 4. d4 cxd4 5. Nxd4 a6 6. Nc2 {A32: Symmetrical English: 2 Nf3 Nf6 3 d4 cxd4 4 Nxd4 e6.} Nc6 (6... b5 $5) 7. g3 d6 8. Bg2 {White is slightly better.} Be7 9. O-O O-O 10. b3 Bd7 11. Bb2 (11. e4 $14) 11... Rc8 {[#]} 12. Rc1 $146 ({Predecessor:} 12. e4 Qc7 13. Kh1 Rfd8 14. f4 Qa5 15. g4 Be8 16. g5 Nd7 17. Ne3 Bf8 18. Qg4 {1-0 (30) Wallace,J (2350)-Freeman,M (2185) Melbourne 1997}) 12... Ne5 13. e3 b5 14. Qe2 (14. cxb5 $11 axb5 15. f4) 14... bxc4 $17 15. f4 (15. bxc4 $17 {was worth a try.} Nxc4 16. Ba1) 15... cxb3 $2 (15... Nd3 $19 16. Rb1 Nxb2 17. Rxb2 d5) 16. fxe5 $16 {[%mdl 64] [#] Discovered Attack. Black is on the road to losing.} bxc2 (16... dxe5 $16 {keeps fighting.} 17. axb3 Qb6) 17. exf6 $18 Bxf6 18. Rxc2 Bb5 $2 (18... d5 19. Qxa6 Rc4) 19. Nxb5 Rxc2 20. Qxc2 axb5 21. Bxf6 gxf6 22. Qb2 e5 $2 (22... Qb6 23. Qe2 f5) 23. Qxb5 Qc7 24. h4 Rb8 25. Qd3 Qc5 26. Rxf6 Kg7 27. Rxd6 Rb1+ 28. Qxb1 Qxd6 29. Qe4 h6 30. Bh3 Qd1+ 31. Bf1 Qd6 32. Qg4+ Kf6 33. Qf3+ Ke7 34. Kg2 f6 35. Be2 Qd2 36. Qf2 Qxa2 37. Bf3 Qxf2+ 38. Kxf2 {[%mdl 4096] Endgame KB-K3P} f5 39. e4 fxe4 40. Bxe4 Kf6 41. Kf3 Ke6 42. Kg4 Kf6 43. Bf5 $2 (43. Kh5 {mates} Ke6 44. Kxh6 Kd6 45. g4 Kc5 46. g5 Kd4 47. g6 Kxe4 48. g7) 43... e4 $2 {[%mdl 8192] [#]} (43... h5+ $11 44. Kxh5 Kxf5 45. g4+ Kf4) 44. Bxe4 {Accuracy: White = 62%, Black = 28%.} 1-0

[Event "Stay Safe Play From Home 202"]
[Site "T#646585Emanuel Laske"]
[Date "2020.06.05"]
[Round "6"]
[White "Trotsky"]
[Black "Castlingarrocco"]
[Result "0-1"]
[WhiteElo "1622"]
[BlackElo "1992"]
[Annotator "TA"]
[PlyCount "62"]
[EventDate "2020.06.05"]
[EventType "swiss (blitz)"]

{[%evp 9,62,19,22,-50,26,0,-2,-9,22,30,38,0,27,22,25,-26,38,0,140,143,148,39,39,32,27,-69,-81,-93,137,138,134,-535,-516,-467,-501,-2575,-2575,-2441,-2423,-3621,-2182,-3188,-2714,-29978,-29979,-29979,-29980,-29992,-1847,-29995,-29996,-29996,-29997,-29998,-29999]} 1. d4 d6 2. e3 g6 3. c4 Bg7 4. Nc3 Nd7 5. Bd3 e5 6. Qc2 {[#] A41: 1 d4 d6: Tartakower System and Modern Defence.} (6. Nf3 $11) 6... Qe7 $146 ({Black should play} 6... exd4 $15 7. exd4 Bxd4) ({Predecessor:} 6... f5 7. f3 exd4 8. exd4 Bxd4 9. Nge2 Bg7 10. b3 Nh6 11. Bb2 O-O 12. O-O c6 {0-1 (39) Huseynbayli,V-Heric,L (1215) Bratislava 2019}) 7. Bd2 f5 8. O-O-O {The position is equal.} e4 ({Not} 8... exd4 9. exd4 Qd8 10. Re1+ Kf8 11. Nf3 $18) 9. Be2 Ngf6 10. f3 exf3 11. Nxf3 O-O 12. Kb1 (12. Bd3 $142) 12... c5 (12... Ne4 $11) 13. h4 cxd4 (13... Nb6 $11 {keeps the balance.}) 14. exd4 $16 Ne4 15. Rdf1 ({White should try} 15. h5 $16) 15... Ndf6 $14 16. Bd3 Bd7 17. g4 (17. Bg5 $11) 17... fxg4 $15 {Hoping for ...Nxc3+.} 18. Ng5 {[%cal Rc3e4]} Nxg5 $2 (18... Nxd2+ $17 {stays on course.} 19. Qxd2 Rae8) 19. hxg5 $16 Nh5 20. Bxg6 $2 {[%mdl 8192]} (20. Nd5 $16 Rxf1+ 21. Rxf1) 20... hxg6 $19 21. Qxg6 Rxf1+ 22. Kc2 (22. Rxf1 $142 Be8 23. Qc2) 22... Rxh1 23. Ne4 {[#]} Qf7 $1 24. Nf6+ Kf8 25. Nh7+ {[#]} Ke8 $1 26. Nf6+ Bxf6 27. Qe4+ Kd8 28. gxf6 Qe6 (28... Qxc4+ $142 29. Bc3 Qa4+ 30. b3 Qxa2+ 31. Bb2 Rc8+ 32. Qc6 Rxc6+ 33. Kd2 Qxb2+ {[%mdl 64] Double Attack} 34. Ke3 Qxb3+ 35. Kf2 Qf3#) 29. Qg6 Qxc4+ {[%mdl 64] Double Attack. Black mates.} 30. Bc3 Rh2+ 31. Kb1 Qf1+ {[%mdl 64] Double Attack. Black used his chance. Accuracy: White = 25%, Black = 54%.} 0-1

[Event "Stay Safe Play From Home 202"]
[Site "T#646585Emanuel Laske"]
[Date "2020.06.05"]
[Round "6"]
[White "Cubail"]
[Black "Edmatuag"]
[Result "0-1"]
[WhiteElo "1361"]
[BlackElo "1611"]
[Annotator "NA RC"]
[PlyCount "46"]
[EventDate "2020.06.05"]
[EventType "swiss (blitz)"]

1. f4 {[%emt 0:00:02]} c5 {[%emt 0:00:01]} 2. e4 {[%emt 0:00:01]} Nc6 {[%emt 0:00:01]} 3. Nf3 {[%emt 0:00:01]} d6 {[%emt 0:00:00]} 4. c4 {[%emt 0:00:02]} g6 {[%emt 0:00:00]} 5. d3 {[%emt 0:00:01]} Bg7 {[%emt 0:00:00]} 6. Nc3 {[%emt 0:00:01]} e6 {[%emt 0:00:01]} 7. Be3 {[%emt 0:00:01]} Nge7 {[%emt 0:00:01]} 8. Be2 {[%emt 0:00:01]} O-O {[%emt 0:00:01]} 9. O-O {[%emt 0:00:01]} f5 {[%emt 0:00:01]} 10. e5 {[%emt 0:00:02]} d5 {[%emt 0:00:02]} 11. cxd5 {[%emt 0:00:02]} Nxd5 {[%emt 0:00:04]} 12. Bxc5 {[%emt 0:00:05]} Nxf4 {[%emt 0:00:07]} 13. Bxf8 {[%emt 0:00:03]} Qxf8 {[%emt 0:00:01]} 14. Nb5 {[%emt 0:00:09]} Qc5+ {[%emt 0:00:03]} 15. Nbd4 {[%emt 0:00:07]} Bxe5 {[%emt 0:00:05]} 16. Nxe5 {[%emt 0:00:09]} Qxd4+ {[%emt 0:00:01]} 17. Kh1 {[%emt 0:00:02]} Qxe5 {[%emt 0:00:02]} 18. d4 {[%emt 0:00:02]} Qxe2 {[%emt 0:00:04]} 19. Rxf4 {[%emt 0:00:01]} Qxd1+ {[%emt 0:00:03]} 20. Rxd1 {[%emt 0:00:01]} Kf7 {[%emt 0:00:01]} 21. a3 {[%emt 0:00:03]} Ne7 {[%emt 0:00:01]} 22. b4 {[%emt 0:00:03]} Bd7 {[%emt 0:00:01]} 23. Rh4 {[%emt 0:00:01]} h5 {[%emt 0:00:02] Time (Lag: Av=0.45s, max=0.9s)} 0-1

[Event "Stay Safe Play From Home 202"]
[Site "T#646585Emanuel Laske"]
[Date "2020.06.05"]
[Round "7"]
[White "XShot"]
[Black "SoulofWolf"]
[Result "1-0"]
[WhiteElo "2511"]
[BlackElo "2135"]
[Annotator "TA"]
[PlyCount "125"]
[EventDate "2020.06.05"]
[EventType "swiss (blitz)"]

{[%evp 23,125,0,0,0,58,63,62,19,21,-31,-8,-50,-54,-84,-79,-116,-90,-92,-33,-60,106,112,89,81,92,59,92,39,106,53,129,132,473,104,229,0,455,0,605,206,1211,1254,1048,924,1609,1337,1310,1293,29993,29994,29994,29985,29985,29986,29986,29977,29980,29977,29988,29974,29971,29971,29987,29988,29988,29989,29989,29990,29990,29991,29991,29980,29992,29985,29989,29989,29989,29990,29990,29988,29989,29990,29990,29990,29990,29990,29990,29991,29991,29991,29991,29992,29991,29991,29991,29992,29994,29993,29993,29992,29994,29994,29994,29992]} 1. d4 c5 2. Nf3 d6 3. Nc3 e6 4. e4 cxd4 5. Nxd4 Nd7 6. Bd3 Ngf6 7. O-O Be7 8. Qe2 O-O 9. Bd2 a6 10. f4 Qc7 11. Kh1 b5 12. Rae1 Bb7 13. e5 {B82: Sicilian Scheveningen: 6 f4.} Ne8 (13... dxe5 $11 14. fxe5 Ne8) 14. f5 $1 $14 {[%cal Rf5e6] [#]} exf5 $146 ({Predecessor:} 14... Nxe5 15. fxe6 fxe6 16. Nxe6 Rxf1+ 17. Rxf1 Qc8 18. Bf5 Qc4 19. Ng5 Qxe2 20. Nxe2 Nf6 {0-1 (54) Barnett,A (2254)-Liou,Y (2299) Los Angeles 2011}) 15. Nxf5 {White is slightly better.} Nxe5 16. Nxe7+ (16. Be4 $11) 16... Qxe7 $15 17. Qh5 {[%csl Gd3][%cal Rh5h7]} g6 $1 {[%cal Rg6h5]} 18. Qh6 f5 19. Bg5 Qg7 20. Qh4 Rc8 (20... Qd7 $1 $17 21. Be2 Qc6 $1 {[%mdl 512]}) 21. Bh6 Qf7 $2 (21... Qf6 $15 {keeps the upper hand.} 22. Qg3 Ng7) 22. Bxf8 $16 Kxf8 23. Ne2 Kg7 24. Nf4 Kh8 25. Qh6 (25. c3 $16) 25... Ng7 (25... Nf6 $14) 26. Nh3 (26. h4 $16) 26... Ng4 (26... Qxa2 $2 27. b3 $18 (27. Ng5 Qg8 $11)) (26... Nxd3 $6 27. cxd3 Nh5 28. Re2 $16) (26... Ne6 $14) 27. Qh4 {And now Re7 would win.} h6 $2 {[%mdl 8192]} (27... Qd5 $2 28. Nf4 $18) (27... Ne5 $16) 28. Ng5 $2 ({Don't play} 28. Qxg4 fxg4 29. Rxf7 Bd5 $18) (28. Re7 $18 Bxg2+ 29. Kxg2 Qd5+ 30. Kg1) 28... Qf6 ({Not} 28... Qxa2 $2 29. h3 $18) (28... Qd5 $16 29. Nf3 g5) 29. Nf3 $2 ({White should play} 29. h3 $1 $18) 29... Qf7 $2 {[%mdl 8192]} (29... g5 $1 $11 {and Black is okay.} 30. Qh3 Rf8) 30. Nd4 $2 ({Better is} 30. h3 $18 Bxf3 31. hxg4 (31. gxf3 g5 $11) 31... Bxg4 32. Qxg4 $1 {[%mdl 576] Pin}) 30... Kh7 $2 {[%mdl 8192] [#]} (30... Qd5 $11 31. Nf3 g5) 31. Re7 $2 (31. Qxg4 $1 {[%cal Rd4f5][%mdl 512] Strongly threatening Nxf5!} Rc5 (31... fxg4 32. Rxf7) 32. Qg3) 31... Qf6 $2 (31... Qd5 32. Nf3 Kg8) 32. Qxf6 $18 Nxf6 33. Rxb7 Ne4 34. Ne6 Rg8 35. Bxe4 f4 36. Rxf4 {White mates.} h5 37. Rxg7+ Rxg7 38. Nxg7 Kxg7 39. Rf3 Kh6 40. Bd5 Kg5 41. Rf2 h4 42. Rf1 b4 43. h3 a5 44. b3 Kh6 45. Kh2 Kg5 46. Rf7 Kh5 47. Ra7 g5 48. Rxa5 g4 49. Bf3+ Kg6 50. Bxg4 d5 51. Be2 d4 52. Bd3+ Kf6 53. Kg1 Ke6 54. Kf2 Kd6 55. Kf3 Kc6 56. Rb5 Kd6 57. Kg4 Ke6 58. Kxh4 Kf6 59. Kg4 Kg7 60. Kf4 Kf6 61. Ke4 Kg7 62. Kxd4 Kf7 63. Kc4 {Accuracy: White = 34%, Black = 17%.} 1-0

[Event "Stay Safe Play From Home 202"]
[Site "T#646585Emanuel Laske"]
[Date "2020.06.05"]
[Round "7"]
[White "Mepe_Nika"]
[Black "Castlingarrocco"]
[Result "1-0"]
[WhiteElo "2316"]
[BlackElo "1996"]
[Annotator "TA"]
[PlyCount "51"]
[EventDate "2020.06.05"]
[EventType "swiss (blitz)"]

{[%evp 9,51,0,0,0,7,0,41,25,31,26,64,59,66,37,55,34,118,35,77,80,94,72,66,29,64,-18,133,96,326,-132,16,22,15,24,17,22,21,0,109,-58,-46,-63,29989,29990]} 1. d4 d6 2. Bf4 b6 3. e3 Bb7 4. Nf3 Nd7 5. Be2 g6 6. O-O {A41: 1 d4 d6: Tartakower System and Modern Defence.} Bg7 7. h3 {[#]} c6 $146 ({Predecessor:} 7... e5 8. Bh2 Nh6 9. c4 Nf5 10. dxe5 dxe5 11. Qc2 O-O 12. Nc3 a5 13. Rfd1 Qe7 {1-0 (48) Bruno,F (2414)-Garcia Palermo,C (2450) Rome 2013}) 8. Nbd2 {White is slightly better.} Qc7 9. a4 e5 10. Bg3 Ne7 11. c3 O-O 12. Qc2 f5 ({Black should play} 12... c5 $14) 13. b4 (13. Ng5 $16) 13... f4 14. Bh2 (14. exf4 exf4 15. Bh2 c5 $11) 14... fxe3 15. fxe3 c5 16. bxc5 bxc5 17. Rab1 ({White should try} 17. Qb3+ $14 Kh8 18. dxe5 Nxe5 19. Nxe5 dxe5 20. e4) 17... Bxf3 $2 (17... cxd4 $1 $11 18. exd4 Bd5) 18. Bxf3 {[#] Qa2+ is the strong threat.} (18. gxf3 cxd4 19. Qa2+ Kh8 $17) 18... Rac8 $2 (18... Rab8 $16 {was worth a try.}) 19. Nc4 $2 (19. Rb7 $18 Qd8 20. Qb3+ (20. Rxa7 cxd4 21. Qb3+ Kh8 $16) 20... d5 21. Bxd5+ (21. Rxa7 cxd4 22. cxd4 exd4 $16) 21... Kh8 22. Be6 (22. Rxa7 cxd4 23. cxd4 exd4 $16)) 19... d5 (19... cxd4 $17 20. Na3 dxe3 21. Qa2+ d5 22. Bxd5+ Kh8) 20. Nxe5 $11 Nxe5 21. dxe5 Bxe5 22. Bxe5 Qxe5 23. Rb7 Qxe3+ (23... Nf5 $11 {keeps the balance.}) 24. Kh1 $2 (24. Qf2 $16 Rxf3 25. gxf3) 24... Nf5 $15 {Threatens to win with ...Ng3+.} 25. Qf2 $1 ({Don't blunder} 25. Bxd5+ $2 Kh8 $19) 25... Qf4 $2 {[%mdl 8192] [#]} ({But not} 25... Qxc3 $6 26. g4 $16) (25... d4 $15 26. cxd4 cxd4 27. Bd5+ Kh8 28. Qxe3 dxe3) 26. Bxd5+ {[%mdl 64] Discovered Attack. Accuracy: White = 46%, Black = 38%.} 1-0

[Event "Stay Safe Play From Home 202"]
[Site "T#646585Emanuel Laske"]
[Date "2020.06.05"]
[Round "7"]
[White "SecantFX"]
[Black "Edmatuag"]
[Result "1-0"]
[WhiteElo "1844"]
[BlackElo "1618"]
[Annotator "NA RC"]
[PlyCount "77"]
[EventDate "2020.06.05"]
[EventType "swiss (blitz)"]

1. g3 {[%emt 0:00:00]} d5 {[%emt 0:00:02]} 2. Bg2 {[%emt 0:00:00]} Nc6 {[%emt 0:00:01]} 3. f4 {[%emt 0:00:01]} Bg4 {[%emt 0:00:01]} 4. Nf3 {[%emt 0:00:00]} Bxf3 {[%emt 0:00:01]} 5. Bxf3 {[%emt 0:00:00]} e6 {[%emt 0:00:01]} 6. e3 {[%emt 0:00:00]} Nf6 {[%emt 0:00:01]} 7. d4 {[%emt 0:00:00]} Ne4 {[%emt 0:00:01]} 8. c3 {[%emt 0:00:00]} Bd6 {[%emt 0:00:02]} 9. Nd2 {[%emt 0:00:00]} f5 {[%emt 0:00:01]} 10. Nxe4 {[%emt 0:00:01]} fxe4 {[%emt 0:00:02]} 11. Bh5+ {[%emt 0:00:02]} g6 {[%emt 0:00:06]} 12. Bg4 {[%emt 0:00:01]} Qf6 {[%emt 0:00:02]} 13. O-O {[%emt 0:00:01]} Ne7 {[%emt 0:00:03]} 14. b3 {[%emt 0:00:01]} Nf5 {[%emt 0:00:01]} 15. c4 {[%emt 0:00:01]} c6 {[%emt 0:00:02]} 16. cxd5 {[%emt 0:00:01]} exd5 {[%emt 0:00:02]} 17. Qe2 {[%emt 0:00:00]} h5 {[%emt 0:00:01]} 18. Bh3 {[%emt 0:00:02]} h4 {[%emt 0:00:01]} 19. g4 {[%emt 0:00:00]} Ne7 {[%emt 0:00:02]} 20. g5 {[%emt 0:00:01]} Qf7 {[%emt 0:00:01]} 21. Kh1 {[%emt 0:00:01]} Nf5 {[%emt 0:00:01]} 22. Rg1 {[%emt 0:00:02]} Kf8 {[%emt 0:00:01]} 23. Rg4 {[%emt 0:00:01]} Kg7 {[%emt 0:00:01]} 24. Bd2 {[%emt 0:00:01]} Rh5 {[%emt 0:00:02]} 25. Rag1 {[%emt 0:00:01]} Rah8 {[%emt 0:00:01]} 26. R4g2 {[%emt 0:00:01]} Ng3+ {[%emt 0:00:02]} 27. Rxg3 {[%emt 0:00:01]} hxg3 {[%emt 0:00:01]} 28. Rxg3 {[%emt 0:00:05]} Rxh3 {[%emt 0:00:01]} 29. Rxh3 {[%emt 0:00:00]} Rxh3 {[%emt 0:00:01]} 30. Qg2 {[%emt 0:00:00]} Qf5 {[%emt 0:00:01]} 31. Be1 {[%emt 0:00:01]} Rh5 {[%emt 0:00:03]} 32. Bg3 {[%emt 0:00:00]} Bb4 {[%emt 0:00:02]} 33. Qe2 {[%emt 0:00:01]} Bc3 {[%emt 0:00:01]} 34. Kg2 {[%emt 0:00:01]} Bb4 {[%emt 0:00:00]} 35. a3 {[%emt 0:00:01]} Bxa3 {[%emt 0:00:02]} 36. Qa2 {[%emt 0:00:00]} Bd6 {[%emt 0:00:00]} 37. Qxa7 {[%emt 0:00:01]} Qh3+ {[%emt 0:00:01]} 38. Kg1 {[%emt 0:00:02]} Qd7 {[%emt 0:00:04]} 39. Qxb7 {[%emt 0:00:00] Time} 1-0